000 00863nam a2200241 a 4500
999 _c1305
_d1305
001 1305
003 BD-JhCC
005 20200623134007.0
008 171017s2010 ben |||| ||a| 000 0 ben d
020 _a9789848865026
035 _a(BD-JhCC)1305
040 _aBD-JhCC
_dBD-JhCC
041 _aben
082 _223
_a863.64
_bMAR 2010
100 _aমার্কেস, গাব্রিয়েল গার্সিয়া
245 _aবেঁচে আছি গল্পটা বলবো বলে /
_cগাব্রিয়েল গার্সিয়া মার্কেস
260 _aঢাকা :
_bনান্দনিক প্রকাশনী,
_c২০১০.
300 _a340 p. :
_c24 cm.
650 _aGarcia, Marquez Gabriel (1927-2014)
700 _aশাহেদ, তপন
942 _2ddc
_cBK
_04